000 01352nam0a2200325 i 4500
001 RU\NLR\BIBL_A\010828219
005 20241103082118.0
010 _a9785892898775
_9100
021 _aRU
_b2015-54632
_93225
021 _aRU
_b2015-54632
_93810
035 _a(NILC)RuMoRGB-007982668
035 _a(NLR Aleph) 010828219
090 _a10274886
_c10274886
100 _a20150902d2015 u y0rusy50 ca
101 0 _arus
102 _aRU
105 _ay|||j|||000yy
200 1 _aСоциология
_eучебное пособие
_eдля студентов вузов
_fС.В. Ивлев, Т.В. Батурина
_gМ-во образования и науки Рос. Федерации, Кемер. технол. ин-т пищевой пром-сти (ун-т)
210 _aКемерово
_cКемТИПП
_d2015
215 _a198 с.
_d21
320 _aБиблиогр.: с. 192-195
606 _aСоциология
_jУчебные издания для высших учебных заведений
_9893563
_3RU\NLR\AUTH\663357
686 1 _aС5я73
700 1 _aИвлев
_bС. В.
_gСергей Викторович
701 1 _aБатурина
_bТ. В.
_gТамара Васильевна
801 0 _aRU
_bРГБ
_c20150723
_gRCR
942 _cBOOK
980 _aNBR